| 000 | 00389nam a2200169Ia 4500 | ||
|---|---|---|---|
| 008 | 210210b1952 xxu||||| |||| 00| 0 eng d | ||
| 041 | _aeng | ||
| 082 | _a539/108 | ||
| 100 | _aTAYLOR (Sherwood F) | ||
| 245 | _aWorld of science | ||
| 260 |
_aLondon _bWilliam Heinemann Ltd. _c1952 |
||
| 300 | _a1064 | ||
| 650 | _aWorld | ||
| 650 | _ascience | ||
| 690 | _aPhysics | ||
| 906 | _a009124 | ||
| 999 |
_c127790 _d127790 |
||